[Event "30. Abierto Ciudad de Sevilla"]
[Site "Sevilla ESP"]
[Date "2005.01.12"]
[Round "6.39"]
[White "Barrera Martinez, Francisco"]
[Black "Diaz Begonte, Manuel"]
[Result "1-0"]
[WhiteElo "2096"]
[BlackElo "1862"]
[PlyCount "69"]
[EventDate "2005.01.07"]
[EventType "swiss"]
[EventRounds "9"]
[EventCountry "ESP"]
[Source "lmi"]
[SourceDate "2005.01.13"]

1. d4 d5 2. c4 c6 3. Nf3 Nf6 4. e3 Bg4 5. Nc3 e6 6. h3 Bh5 7. Be2 Bd6 8. cxd5
exd5 9. O-O O-O 10. a3 Nbd7 11. b4 Rc8 12. Qb3 Bb8 13. Ra2 Qc7 14. g3 Ne4 15.
Nxe4 dxe4 16. Nh4 Bxe2 17. Rxe2 Nf6 18. Kh2 Rcd8 19. Rc2 Rd5 20. Rc5 Rfd8 21.
Bb2 Rh5 22. Re5 g5 23. Nf5 Ng4+ 24. Kg2 Nxe5 25. dxe5 g4 26. hxg4 Rg5 27. e6
Rg6 28. e7 Re8 29. Qc3 f6 30. Qc4+ Kh8 31. Qf7 Rxe7 32. Qf8+ Rg8 33. Bxf6+ Reg7
34. Qc5 Qf7 35. Qd4 1-0

[Event "30. Abierto Ciudad de Sevilla"]
[Site "Sevilla ESP"]
[Date "2005.01.13"]
[Round "7.1"]
[White "Peralta, Fernando"]
[Black "Campora, Daniel H"]
[Result "1/2-1/2"]
[WhiteElo "2567"]
[BlackElo "2529"]
[PlyCount "63"]
[EventDate "2005.01.07"]
[EventType "swiss"]
[EventRounds "9"]
[EventCountry "ESP"]
[Source "lmi"]
[SourceDate "2005.01.13"]

1. d4 Nf6 2. c4 d6 3. Nf3 c6 4. Nc3 Bg4 5. e4 Nbd7 6. Be2 e5 7. Be3 Be7 8. O-O
O-O 9. d5 cxd5 10. cxd5 Bxf3 11. Bxf3 a6 12. a4 Qb8 13. Bg4 Nxg4 14. Qxg4 Qd8
15. Rfc1 Kh8 16. Ne2 Nf6 17. Qf3 Qd7 18. Ng3 g6 19. Bh6 Rfc8 20. h3 Ng8 21. Bd2
Kg7 22. Qg4 Qxg4 23. hxg4 Nf6 24. f3 Nd7 25. Bb4 Nc5 26. Bxc5 dxc5 27. a5 Rab8
28. Nf1 b5 29. axb6 Bg5 30. Rc2 Rxb6 31. Ra5 Rcb8 32. Ra2 1/2-1/2

[Event "30. Abierto Ciudad de Sevilla"]
[Site "Sevilla ESP"]
[Date "2005.01.13"]
[Round "7.2"]
[White "Tissir, Mohamed"]
[Black "Khamrakulov, Ibragim S"]
[Result "1/2-1/2"]
[WhiteElo "2426"]
[BlackElo "2501"]
[PlyCount "46"]
[EventDate "2005.01.07"]
[EventType "swiss"]
[EventRounds "9"]
[EventCountry "ESP"]
[Source "lmi"]
[SourceDate "2005.01.13"]

1. e4 c5 2. Nf3 a6 3. c4 e6 4. Nc3 Qc7 5. d4 cxd4 6. Nxd4 Nf6 7. a3 b6 8. Be3
Bb7 9. f3 d6 10. Rc1 Nbd7 11. Be2 Be7 12. O-O O-O 13. b4 Rac8 14. Qd2 Qb8 15.
Rfd1 Bd8 16. Bf1 Bc7 17. Kh1 Rfd8 18. Qf2 Ba8 19. Nb3 Qb7 20. Na4 Qc6 21. b5
Qb7 22. Nd4 axb5 23. Nxb5 Nc5 1/2-1/2

[Event "30. Abierto Ciudad de Sevilla"]
[Site "Sevilla ESP"]
[Date "2005.01.13"]
[Round "7.3"]
[White "Epishin, Vladimir"]
[Black "Mellado Triviño, Joan"]
[Result "1-0"]
[WhiteElo "2614"]
[BlackElo "2405"]
[PlyCount "53"]
[EventDate "2005.01.07"]
[EventType "swiss"]
[EventRounds "9"]
[EventCountry "ESP"]
[Source "lmi"]
[SourceDate "2005.01.13"]

1. d4 Nf6 2. Nf3 c5 3. d5 b5 4. Bg5 e6 5. c3 exd5 6. Bxf6 Qxf6 7. Qxd5 Nc6 8.
Nbd2 Qe6 9. e4 Rb8 10. Bd3 Be7 11. O-O O-O 12. Rfe1 Rb6 13. a4 a6 14. axb5 axb5
15. Rad1 Bb7 16. Qh5 Qg6 17. Qh3 Bc8 18. Nf1 d6 19. Qg3 Qxg3 20. hxg3 Be6 21.
Ne3 Ne5 22. Be2 Nc4 23. Bxc4 bxc4 24. Nd5 Bxd5 25. exd5 Bf6 26. Rb1 Ra6 27. Nd2
1-0

[Event "30. Abierto Ciudad de Sevilla"]
[Site "Sevilla ESP"]
[Date "2005.01.13"]
[Round "7.5"]
[White "Belezky, Sasha"]
[Black "Parligras, Mircea"]
[Result "1/2-1/2"]
[WhiteElo "2399"]
[BlackElo "2567"]
[PlyCount "36"]
[EventDate "2005.01.07"]
[EventType "swiss"]
[EventRounds "9"]
[EventCountry "ESP"]
[Source "lmi"]
[SourceDate "2005.01.13"]

1. Nf3 g6 2. g3 Bg7 3. Bg2 c5 4. c4 Nc6 5. Nc3 d6 6. O-O Nh6 7. d3 Nf5 8. Bd2
Bd7 9. Rb1 Rb8 10. a3 a5 11. Nb5 O-O 12. b4 axb4 13. axb4 Nxb4 14. Bxb4 cxb4
15. Rxb4 Bc6 16. Qb3 Ra8 17. e3 d5 18. c5 Ra6 1/2-1/2

[Event "30. Abierto Ciudad de Sevilla"]
[Site "Sevilla ESP"]
[Date "2005.01.13"]
[Round "7.6"]
[White "Garcia Luque, Agustin"]
[Black "Fernandez Romero, Ernesto"]
[Result "1/2-1/2"]
[WhiteElo "2390"]
[BlackElo "2469"]
[PlyCount "28"]
[EventDate "2005.01.07"]
[EventType "swiss"]
[EventRounds "9"]
[EventCountry "ESP"]
[Source "lmi"]
[SourceDate "2005.01.13"]

1. e4 c6 2. d4 d5 3. exd5 cxd5 4. Bd3 Nc6 5. c3 Qc7 6. Na3 a5 7. Nc2 Nf6 8. Ne3
e5 9. dxe5 Nxe5 10. Nf3 Bd6 11. h3 O-O 12. O-O Be6 13. Nf5 Nxd3 14. Qxd3 Bc5
1/2-1/2

[Event "30. Abierto Ciudad de Sevilla"]
[Site "Sevilla ESP"]
[Date "2005.01.13"]
[Round "7.7"]
[White "Razmyslov, Alexander"]
[Black "Barrientos, Sergio"]
[Result "1/2-1/2"]
[WhiteElo "2307"]
[BlackElo "2432"]
[PlyCount "91"]
[EventDate "2005.01.07"]
[EventType "swiss"]
[EventRounds "9"]
[EventCountry "ESP"]
[Source "lmi"]
[SourceDate "2005.01.13"]

1. c4 Nf6 2. Nc3 c5 3. g3 d5 4. cxd5 Nxd5 5. Bg2 Nc7 6. Nf3 Nc6 7. O-O e5 8.
Ne1 Bd7 9. Nd3 f6 10. b3 Rc8 11. f4 exf4 12. Nxf4 Be7 13. e3 O-O 14. d4 cxd4
15. exd4 Bb4 16. Ne4 Bf5 17. Bb2 Qe7 18. Qe2 Rcd8 19. a3 Ba5 20. Nc5 Qxe2 21.
Nxe2 Bc8 22. b4 Bb6 23. Rac1 Nd5 24. Nf4 Ne3 25. Bxc6 bxc6 26. Rfe1 Rfe8 27.
Na4 Bc7 28. Nd3 Bb8 29. Ne5 fxe5 30. Rxe3 exd4 31. Rxe8+ Rxe8 32. Bxd4 Rd8 33.
Bc3 h5 34. Re1 Bd6 35. Nc5 Rf8 36. Ne4 Bc7 37. Bd4 Bf5 38. Ng5 Bb6 39. Bc5 Rd8
40. Re7 g6 41. Bxb6 axb6 42. a4 Ra8 43. Rb7 Rxa4 44. Rxb6 Kg7 45. Rxc6 Rxb4 46.
h4 1/2-1/2

[Event "30. Abierto Ciudad de Sevilla"]
[Site "Sevilla ESP"]
[Date "2005.01.13"]
[Round "7.9"]
[White "Mirzoev, Azer"]
[Black "Estremera Panos, Sergio"]
[Result "1/2-1/2"]
[WhiteElo "2529"]
[BlackElo "2384"]
[PlyCount "82"]
[EventDate "2005.01.07"]
[EventType "swiss"]
[EventRounds "9"]
[EventCountry "ESP"]
[Source "lmi"]
[SourceDate "2005.01.13"]

1. d4 Nf6 2. Nf3 e6 3. e3 c5 4. Bd3 Nc6 5. O-O d5 6. b3 Bd6 7. Bb2 O-O 8. c4
cxd4 9. exd4 b6 10. Nbd2 Bb7 11. Qe2 Re8 12. Rad1 Bf8 13. Rfe1 g6 14. Nf1 Bg7
15. Ne3 Rc8 16. Ne5 Ne7 17. Bb1 Nf5 18. Nxf5 exf5 19. Qd2 Ne4 20. Qd3 Ba6 21.
Rc1 Nd6 22. Ba3 dxc4 23. Qg3 Nb5 24. bxc4 Nxd4 25. Bd3 Bb7 26. Bf1 Qc7 27. Nd3
Qxg3 28. hxg3 Rxe1 29. Rxe1 Nc2 30. Re7 Nxa3 31. Rxb7 Nxc4 32. Rxa7 Nd2 33. Be2
Ne4 34. Bd1 Rd8 35. Bc2 Bd4 36. Bb3 Nxg3 37. Rxf7 Kh8 38. Kh2 Ne4 39. f3 Nc5
40. Nxc5 Bxc5 41. g4 fxg4 1/2-1/2

[Event "30. Abierto Ciudad de Sevilla"]
[Site "Sevilla ESP"]
[Date "2005.01.13"]
[Round "7.10"]
[White "Melero Fidalgo, Juan de Dios"]
[Black "Matamoros Franco, Carlos S"]
[Result "0-1"]
[WhiteElo "2202"]
[BlackElo "2522"]
[PlyCount "54"]
[EventDate "2005.01.07"]
[EventType "swiss"]
[EventRounds "9"]
[EventCountry "ESP"]
[Source "lmi"]
[SourceDate "2005.01.13"]

1. e4 e6 2. d4 d5 3. Nc3 Bb4 4. e5 c5 5. Bd2 Ne7 6. Nb5 Bxd2+ 7. Qxd2 O-O 8.
dxc5 Nd7 9. f4 Nxc5 10. O-O-O Qb6 11. Nd4 Bd7 12. Ngf3 Rfc8 13. Bd3 Nc6 14. Kb1
a5 15. g4 Na4 16. c3 Nxd4 17. cxd4 Rc3 18. Bxh7+ Kxh7 19. Ng5+ Kg8 20. Ka1 Rd3
21. Qf2 Rxd1+ 22. Rxd1 Rc8 23. Rb1 Bb5 24. f5 Bd3 25. fxe6 f6 26. exf6 gxf6 27.
b3 Qb4 0-1

[Event "30. Abierto Ciudad de Sevilla"]
[Site "Sevilla ESP"]
[Date "2005.01.13"]
[Round "7.11"]
[White "Paunovic, Dragan"]
[Black "Escobar Forero, Alder"]
[Result "1-0"]
[WhiteElo "2518"]
[BlackElo "2407"]
[PlyCount "55"]
[EventDate "2005.01.07"]
[EventType "swiss"]
[EventRounds "9"]
[EventCountry "ESP"]
[Source "lmi"]
[SourceDate "2005.01.13"]

1. d4 Nf6 2. Nf3 g6 3. g3 Bg7 4. Bg2 O-O 5. O-O d6 6. c4 c6 7. Nc3 Qb6 8. h3
Nbd7 9. e4 e5 10. c5 dxc5 11. dxe5 Ne8 12. e6 fxe6 13. Ng5 Nc7 14. f4 c4+ 15.
Kh2 h6 16. Nf3 e5 17. Qe2 Qa6 18. Nh4 Rf6 19. f5 g5 20. Ng6 Rxg6 21. fxg6 Nf6
22. Bxg5 Ng4+ 23. hxg4 hxg5 24. Rf7 Qb6 25. Raf1 Be6 26. Qd2 Bxf7 27. gxf7+ Kh8
28. Qxg5 1-0

[Event "30. Abierto Ciudad de Sevilla"]
[Site "Sevilla ESP"]
[Date "2005.01.13"]
[Round "7.12"]
[White "Komljenovic, Davor"]
[Black "Kovacevic, Slobodan"]
[Result "1-0"]
[WhiteElo "2492"]
[BlackElo "2358"]
[PlyCount "81"]
[EventDate "2005.01.07"]
[EventType "swiss"]
[EventRounds "9"]
[EventCountry "ESP"]
[Source "lmi"]
[SourceDate "2005.01.13"]

1. d4 Nf6 2. c4 e6 3. Nf3 c5 4. d5 exd5 5. cxd5 d6 6. Nc3 g6 7. h3 a6 8. a4 Qe7
9. Bf4 Nbd7 10. e3 Bg7 11. Be2 O-O 12. O-O Rb8 13. Re1 Ne8 14. e4 Nc7 15. Bf1
f6 16. a5 Ne5 17. Na4 Na8 18. b4 cxb4 19. Nxe5 fxe5 20. Be3 Bd7 21. Qb3 Rbc8
22. Qxb4 Rc7 23. Bd3 Bf6 24. Qd2 Rb8 25. Reb1 Qe8 26. Qb4 Bxa4 27. Rxa4 Rd8 28.
Qa3 Rdd7 29. Rab4 Qd8 30. Be2 h5 31. g3 Rh7 32. Bxa6 bxa6 33. Rb8 Rc8 34. Rxc8
Qxc8 35. Qxd6 Be7 36. Rb8 Bxd6 37. Rxc8+ Kf7 38. Rxa8 Bb4 39. Rxa6 Rh8 40. Ra7+
Kg8 41. a6 1-0

[Event "30. Abierto Ciudad de Sevilla"]
[Site "Sevilla ESP"]
[Date "2005.01.13"]
[Round "7.13"]
[White "Rizouk, Aimen"]
[Black "Szmetan, Ricardo"]
[Result "1/2-1/2"]
[WhiteElo "2457"]
[BlackElo "2278"]
[PlyCount "61"]
[EventDate "2005.01.07"]
[EventType "swiss"]
[EventRounds "9"]
[EventCountry "ESP"]
[Source "lmi"]
[SourceDate "2005.01.13"]

1. e4 c6 2. c4 e5 3. Nf3 d6 4. d4 Nd7 5. Nc3 Ngf6 6. g3 Be7 7. Bg2 O-O 8. O-O
Re8 9. h3 Bf8 10. Rb1 a6 11. b4 exd4 12. Nxd4 Ne5 13. Qe2 c5 14. bxc5 dxc5 15.
Nc2 Be6 16. Nd5 b5 17. Bf4 Bxd5 18. cxd5 Ng6 19. Bg5 Qxd5 20. Bxf6 gxf6 21. Ne3
Qe6 22. f4 Ne7 23. f5 Qb6 24. e5 Rad8 25. Nc4 Qc7 26. Qg4+ Kh8 27. Nd6 Rxd6 28.
exd6 Qxd6 29. Rbd1 Qc7 30. Qh5 Ng8 31. Qf3 1/2-1/2

[Event "30. Abierto Ciudad de Sevilla"]
[Site "Sevilla ESP"]
[Date "2005.01.13"]
[Round "7.14"]
[White "Jimenez de la Torre, Jose Antonio"]
[Black "Rodriguez Guerrero, Enrique"]
[Result "1/2-1/2"]
[WhiteElo "2182"]
[BlackElo "2430"]
[PlyCount "62"]
[EventDate "2005.01.07"]
[EventType "swiss"]
[EventRounds "9"]
[EventCountry "ESP"]
[Source "lmi"]
[SourceDate "2005.01.13"]

1. e4 c5 2. Nf3 e6 3. b3 b6 4. Bb2 Bb7 5. Bd3 Nc6 6. a3 d6 7. O-O Nge7 8. c4
Ng6 9. Re1 Nge5 10. Bf1 Be7 11. b4 Nxf3+ 12. Qxf3 Nd4 13. Bxd4 cxd4 14. Qg3 O-O
15. d3 Bg5 16. Ra2 a6 17. Nd2 g6 18. Nf3 Bf6 19. Rc2 e5 20. c5 Bc6 21. cxd6 Ba4
22. Rc4 Bb5 23. Nxe5 Bxc4 24. Nxc4 Rc8 25. e5 Bg7 26. Qg4 b5 27. Na5 Qb6 28.
Nb3 Rc3 29. Qxd4 Qxd4 30. Nxd4 Rd8 31. Nf3 Bf8 1/2-1/2

[Event "30. Abierto Ciudad de Sevilla"]
[Site "Sevilla ESP"]
[Date "2005.01.13"]
[Round "7.16"]
[White "Herrera Mellado, Antonio"]
[Black "Pogorelov, Ruslan"]
[Result "0-1"]
[WhiteElo "2122"]
[BlackElo "2472"]
[PlyCount "66"]
[EventDate "2005.01.07"]
[EventType "swiss"]
[EventRounds "9"]
[EventCountry "ESP"]
[Source "lmi"]
[SourceDate "2005.01.13"]

1. d4 Nf6 2. c4 e6 3. Nf3 b6 4. g3 Ba6 5. Qc2 Bb7 6. Nbd2 c5 7. dxc5 Bxc5 8.
Bh3 O-O 9. O-O Be7 10. b3 d6 11. Bb2 a6 12. Rfd1 Qc7 13. Rac1 Nbd7 14. Qb1 Rac8
15. Bg2 Qb8 16. h3 Qa8 17. Ne1 Bxg2 18. Nxg2 Nc5 19. Nh4 b5 20. Nhf3 h6 21. g4
Nce4 22. Nxe4 Nxe4 23. Qa1 e5 24. cxb5 axb5 25. Rxc8 Rxc8 26. Rc1 Rxc1+ 27.
Qxc1 Qxa2 28. Qc8+ Bf8 29. Qc2 Nc5 30. Nd2 d5 31. e3 e4 32. Qc3 Nd3 33. Ba1 b4
0-1

[Event "30. Abierto Ciudad de Sevilla"]
[Site "Sevilla ESP"]
[Date "2005.01.13"]
[Round "7.17"]
[White "Alonso, Rene"]
[Black "De Andres Goñalons, Fernando"]
[Result "1-0"]
[WhiteElo "2395"]
[BlackElo "2115"]
[PlyCount "203"]
[EventDate "2005.01.07"]
[EventType "swiss"]
[EventRounds "9"]
[EventCountry "ESP"]
[Source "lmi"]
[SourceDate "2005.01.13"]

1. c4 e6 2. Nc3 d5 3. d4 c5 4. cxd5 exd5 5. Nf3 Nc6 6. g3 Nf6 7. Bg2 Be7 8. Be3
c4 9. Ne5 h6 10. O-O O-O 11. h3 Be6 12. f4 Bf5 13. g4 Be4 14. Bxe4 Nxe4 15.
Nxe4 dxe4 16. Nxc6 bxc6 17. Qc2 Qd5 18. Rfc1 Rab8 19. Rab1 Rb4 20. Bd2 c3 21.
Bxc3 Rb7 22. b4 h5 23. e3 hxg4 24. hxg4 Rfb8 25. a3 Qe6 26. f5 Qd5 27. Be1 Bg5
28. Bf2 Rb6 29. Kg2 Re8 30. Rh1 a5 31. Qc5 Reb8 32. Rh5 f6 33. Rbh1 Qxc5 34.
dxc5 Rb5 35. Rh8+ Kf7 36. Rxb8 Rxb8 37. Rb1 g6 38. Kf1 gxf5 39. gxf5 Bh6 40.
Rd1 axb4 41. axb4 Rxb4 42. Rd7+ Ke8 43. Rd6 Ke7 44. Rxc6 Rc4 45. Re6+ Kf7 46.
c6 Rc1+ 47. Ke2 Rc5 48. Rxe4 Rxc6 49. Rh4 Bg5 50. Rh7+ Ke8 51. e4 Ra6 52. Kd3
Bf4 53. Bc5 Be5 54. Kc4 Kd8 55. Kd5 Ke8 56. Re7+ Kd8 57. Re6 Ra8 58. Be7+ Kd7
59. Bc5 Ra1 60. Kc4 Rc1+ 61. Kb5 Rb1+ 62. Kc4 Rc1+ 63. Kb5 Rb1+ 64. Ka4 Re1 65.
Kb5 Rb1+ 66. Ka4 Re1 67. Kb5 Rb1+ 68. Ka5 Re1 69. Bb4 Rxe4 70. Kb5 Re2 71. Re7+
Kd8 72. Rf7 Rc2 73. Bc5 Ke8 74. Re7+ Kd8 75. Rh7 Ke8 76. Rg7 Ra2 77. Re7+ Kd8
78. Rf7 Ke8 79. Re7+ Kd8 80. Rh7 Ke8 81. Kc6 Ra6+ 82. Kd5 Kd8 83. Rb7 Kc8 84.
Rg7 Kd8 85. Kc4 Rc6 86. Kb5 Rc8 87. Be7+ Ke8 88. Rg8+ Kd7 89. Rxc8 Kxc8 90. Kc6
Bc3 91. Kd6 Bb2 92. Ke6 Bc1 93. Bxf6 Bh6 94. Be5 Bg5 95. Bf6 Bh6 96. Be7 Bg7
97. Bg5 Bf8 98. f6 Kc7 99. f7 Kc6 100. Be7 Bg7 101. Ba3 Kc7 102. Kf5 1-0

[Event "30. Abierto Ciudad de Sevilla"]
[Site "Sevilla ESP"]
[Date "2005.01.13"]
[Round "7.18"]
[White "Kononenko, Tatiana"]
[Black "Morillo Velarde Gallego, Antonio"]
[Result "1-0"]
[WhiteElo "2374"]
[BlackElo "2109"]
[PlyCount "112"]
[EventDate "2005.01.07"]
[EventType "swiss"]
[EventRounds "9"]
[EventCountry "ESP"]
[Source "lmi"]
[SourceDate "2005.01.13"]

1. d4 Nf6 2. c4 g6 3. Nc3 d5 4. Bf4 a6 5. e3 Bg7 6. Nf3 O-O 7. Nxd5 Nxd5 8.
cxd5 Qxd5 9. Bxc7 Bg4 10. Be2 Rc8 11. Bg3 Qa5+ 12. Qd2 Qxd2+ 13. Kxd2 Nd7 14.
Rhc1 Nf6 15. Ng5 h6 16. Bxg4 Nxg4 17. Ne4 b6 18. h3 Nf6 19. Nxf6+ Bxf6 20. a4
Kf8 21. Bc7 a5 22. Rc2 Ra6 23. Rac1 Ke8 24. Rc6 Kd7 25. Rxb6 Rxb6 26. Bxb6 Rb8
27. Bxa5 Rxb2+ 28. Rc2 Rb1 29. Bc3 Rb3 30. Ra2 Rb6 31. a5 Ra6 32. Kd3 e6 33. e4
Bd8 34. Bb4 h5 35. Kc4 Kc6 36. d5+ exd5+ 37. exd5+ Kd7 38. Kb5 Ra8 39. a6 Rb8+
40. Kc4 Rc8+ 41. Kd3 Bb6 42. Re2 Bd8 43. a7 Bf6 44. Ra2 Ra8 45. Bc5 Be5 46. Kc4
g5 47. Ra6 h4 48. f3 Bc7 49. Rf6 Ke8 50. d6 Bd8 51. Rh6 Kd7 52. Kd5 Rc8 53. Rh7
Ke8 54. Rh8+ Kd7 55. Rf8 Ra8 56. Rxf7+ Ke8 1-0

[Event "30. Abierto Ciudad de Sevilla"]
[Site "Sevilla ESP"]
[Date "2005.01.13"]
[Round "7.19"]
[White "Barria, Daniel"]
[Black "Barrera Martinez, Francisco"]
[Result "1-0"]
[WhiteElo "2349"]
[BlackElo "2096"]
[PlyCount "83"]
[EventDate "2005.01.07"]
[EventType "swiss"]
[EventRounds "9"]
[EventCountry "ESP"]
[Source "lmi"]
[SourceDate "2005.01.13"]

1. e4 e6 2. d4 d5 3. e5 c5 4. c3 Qb6 5. Nf3 Nc6 6. a3 a5 7. b3 Bd7 8. Be2 f6 9.
O-O fxe5 10. dxe5 g6 11. Be3 Bg7 12. Nbd2 Nge7 13. b4 Nxe5 14. Bxc5 Qd8 15. Rc1
b6 16. Bd6 Nxf3+ 17. Nxf3 Nf5 18. Be5 O-O 19. c4 axb4 20. Bxg7 Nxg7 21. axb4
Ba4 22. Qd2 dxc4 23. Qxd8 Raxd8 24. Bxc4 b5 25. Ba2 Rf4 26. Rb1 Bc2 27. Rb2 Be4
28. Nd2 Bd5 29. g3 Rd4 30. Bxd5 R8xd5 31. Nf3 Rd3 32. Kg2 Kf7 33. h4 h6 34. Re1
Kf6 35. Re4 Rc3 36. Rbe2 g5 37. hxg5+ hxg5 38. Ne5 Rc8 39. Ng4+ Kf7 40. Ne3 Rd3
41. Re5 Rb3 42. Rxb5 1-0

[Event "30. Abierto Ciudad de Sevilla"]
[Site "Sevilla ESP"]
[Date "2005.01.13"]
[Round "7.20"]
[White "Diaz Rodriguez, Jose Antonio"]
[Black "Barrero Garcia, Carlos"]
[Result "0-1"]
[WhiteElo "2117"]
[BlackElo "2292"]
[PlyCount "52"]
[EventDate "2005.01.07"]
[EventType "swiss"]
[EventRounds "9"]
[EventCountry "ESP"]
[Source "lmi"]
[SourceDate "2005.01.13"]

1. e4 c5 2. f4 e6 3. Nf3 a6 4. g3 d5 5. e5 Nc6 6. Bg2 Nh6 7. O-O Nf5 8. Nc3 c4
9. d4 cxd3 10. Qxd3 h5 11. Bh3 Bc5+ 12. Kg2 g6 13. Ne2 d4 14. Bxf5 gxf5 15. c3
dxc3 16. Qxc3 Qb6 17. a3 a5 18. Bd2 a4 19. Rac1 Ra5 20. Ned4 Bxd4 21. Nxd4 Rd5
22. Be3 Qa6 23. Nxc6 bxc6 24. Bc5 h4 25. Rf2 Rd3 26. Qc4 h3+ 0-1

[Event "30. Abierto Ciudad de Sevilla"]
[Site "Sevilla ESP"]
[Date "2005.01.14"]
[Round "8.2"]
[White "Korneev, Oleg"]
[Black "Peralta, Fernando"]
[Result "1-0"]
[WhiteElo "2602"]
[BlackElo "2538"]
[PlyCount "101"]
[EventDate "2005.01.07"]
[EventType "swiss"]
[EventRounds "9"]
[EventCountry "ESP"]
[Source "lmi"]
[SourceDate "2005.01.13"]

1. e4 c6 2. d4 d5 3. e5 Bf5 4. Be3 e6 5. Nd2 Nd7 6. Ngf3 Ne7 7. Be2 Bg6 8. Nh4
Nf5 9. Nxf5 Bxf5 10. g4 Bg6 11. h4 f6 12. h5 Bf7 13. f4 Qb6 14. Nf3 h6 15. b3
O-O-O 16. a4 fxe5 17. a5 Qc7 18. fxe5 Bb4+ 19. Bd2 Be7 20. b4 g6 21. c3 gxh5
22. gxh5 Rdg8 23. Be3 a6 24. Kd2 Qd8 25. Qf1 Kb8 26. Qh3 Qe8 27. Rag1 Nf8 28.
Rxg8 Bxg8 29. Rg1 Bh7 30. Nh4 Qf7 31. Bxh6 Bb1 32. Rg7 Qf2 33. Rxe7 Rxh6 34.
Nf3 Bg6 35. Qh2 Qxh2 36. Nxh2 Bxh5 37. Bxh5 Rxh5 38. Ng4 Nh7 39. Rxe6 Rh4 40.
Re8+ Kc7 41. Rg8 Nf8 42. Rxf8 Rxg4 43. Rf7+ Kc8 44. Ke3 Rh4 45. Kf3 Re4 46. Kg3
Kb8 47. Rf4 Re3+ 48. Kg4 Kc7 49. Rf7+ Kd8 50. Kf5 Rxc3 51. Ke6 1-0

[Event "30. Abierto Ciudad de Sevilla"]
[Site "Sevilla ESP"]
[Date "2005.01.14"]
[Round "8.3"]
[White "Campora, Daniel H"]
[Black "Spraggett, Kevin"]
[Result "1-0"]
[WhiteElo "2529"]
[BlackElo "2589"]
[PlyCount "97"]
[EventDate "2005.01.07"]
[EventType "swiss"]
[EventRounds "9"]
[EventCountry "ESP"]
[Source "lmi"]
[SourceDate "2005.01.13"]

1. Nf3 Nf6 2. g3 b5 3. Bg2 Bb7 4. O-O e6 5. d4 h6 6. Nbd2 c5 7. c3 Na6 8. Re1
d5 9. a3 Be7 10. b4 c4 11. a4 Nc7 12. a5 a6 13. Qc2 O-O 14. Nf1 Nce8 15. Bf4
Nd6 16. h3 Nh5 17. Be3 f5 18. g4 Nf6 19. Ne5 g5 20. f3 Qe8 21. Bf2 Nd7 22. Bg3
Rd8 23. Rad1 h5 24. e3 Nf6 25. Nh2 Kg7 26. Rf1 Rh8 27. Rfe1 Rh7 28. Nf1 Kg8 29.
Rd2 Ra8 30. Bh1 Ra7 31. Rh2 Bf8 32. h4 gxh4 33. Bxh4 Nd7 34. gxh5 Rxh5 35. Ree2
Bg7 36. Reg2 Ba8 37. Qf2 Nf8 38. Ng3 Rh7 39. Ne2 Nf7 40. Bf6 Nxe5 41. dxe5 Rxh2
42. Kxh2 Ng6 43. Qg3 Bxf6 44. exf6 Rh7+ 45. Kg1 Rh6 46. Nf4 Kh7 47. Nxe6 f4 48.
Qg4 Kg8 49. Qxf4 1-0

[Event "30. Abierto Ciudad de Sevilla"]
[Site "Sevilla ESP"]
[Date "2005.01.14"]
[Round "8.4"]
[White "Parligras, Mircea"]
[Black "Garcia Luque, Agustin"]
[Result "1-0"]
[WhiteElo "2567"]
[BlackElo "2390"]
[PlyCount "87"]
[EventDate "2005.01.07"]
[EventType "swiss"]
[EventRounds "9"]
[EventCountry "ESP"]
[Source "lmi"]
[SourceDate "2005.01.13"]

1. e4 c6 2. d4 d5 3. e5 Bf5 4. Nf3 e6 5. Be2 Nd7 6. O-O h6 7. b3 Ne7 8. c4 g5
9. Nc3 Ng6 10. cxd5 cxd5 11. Bd3 Bb4 12. Ne2 Bg4 13. a3 Be7 14. Ne1 Nh4 15. Nc2
Qb6 16. Ne3 Bh5 17. Bb2 Rc8 18. b4 a6 19. Qa4 Bg6 20. Rac1 Rxc1 21. Nxc1 Kd8
22. Be2 Nb8 23. Nb3 f5 24. exf6 Bxf6 25. Nc5 Rh7 26. Bg4 Re7 27. Rc1 h5 28.
Bxe6 Rxe6 29. Nxd5 Qc6 30. Nxe6+ Qxe6 31. Nxf6 Qxf6 32. Qa5+ b6 33. Qd5+ Nd7
34. Qa8+ Ke7 35. Re1+ Kf7 36. Qe8+ Kg7 37. Qxd7+ Bf7 38. Qe7 Qf5 39. d5+ Kh7
40. d6 Nxg2 41. Qe4 Qxe4 42. Rxe4 Bd5 43. Re7+ Kg6 44. d7 1-0

[Event "30. Abierto Ciudad de Sevilla"]
[Site "Sevilla ESP"]
[Date "2005.01.14"]
[Round "8.5"]
[White "Matamoros Franco, Carlos S"]
[Black "Tissir, Mohamed"]
[Result "1/2-1/2"]
[WhiteElo "2522"]
[BlackElo "2426"]
[PlyCount "79"]
[EventDate "2005.01.07"]
[EventType "swiss"]
[EventRounds "9"]
[EventCountry "ESP"]
[Source "lmi"]
[SourceDate "2005.01.13"]

1. c4 e5 2. g3 Nf6 3. Bg2 c6 4. d4 Bb4+ 5. Bd2 Bxd2+ 6. Qxd2 d6 7. Nc3 O-O 8.
e3 Be6 9. b3 exd4 10. Qxd4 d5 11. cxd5 Nxd5 12. Nge2 Qa5 13. Qa4 Qxa4 14. Nxa4
Na6 15. O-O Rfd8 16. Nd4 Nb6 17. Nc3 Nd5 18. Ne4 h6 19. Rfc1 Ndc7 20. Bf1 Bd5
21. Nc3 c5 22. Nxd5 Rxd5 23. Nf3 Re8 24. a3 Rd6 25. b4 cxb4 26. axb4 Rb6 27.
Rab1 Ne6 28. b5 Nac7 29. Nd2 Rd8 30. Ne4 a6 31. bxa6 Rxb1 32. Rxb1 bxa6 33. Bc4
Kf8 34. Rb7 Rd1+ 35. Kg2 Rc1 36. Nd6 Ke7 37. Nf5+ Kf6 38. Nd6 Ke7 39. Nf5+ Kf6
40. Nd6 1/2-1/2

[Event "30. Abierto Ciudad de Sevilla"]
[Site "Sevilla ESP"]
[Date "2005.01.14"]
[Round "8.7"]
[White "Razmyslov, Alexander"]
[Black "Komljenovic, Davor"]
[Result "1/2-1/2"]
[WhiteElo "2307"]
[BlackElo "2492"]
[PlyCount "127"]
[EventDate "2005.01.07"]
[EventType "swiss"]
[EventRounds "9"]
[EventCountry "ESP"]
[Source "lmi"]
[SourceDate "2005.01.13"]

1. d4 d5 2. c4 c6 3. Nc3 dxc4 4. e3 b5 5. a4 Qb6 6. axb5 cxb5 7. b3 e6 8. bxc4
Bb4 9. Bd2 bxc4 10. Bxc4 Nf6 11. Nf3 O-O 12. Be2 Bb7 13. O-O a5 14. Na4 Qd6 15.
Rb1 Be4 16. Rb2 Nbd7 17. Nc3 Bc6 18. Nb5 Qe7 19. Bxb4 axb4 20. Qd2 Nd5 21. Rc1
Rfc8 22. e4 Bxb5 23. Rxc8+ Rxc8 24. Bxb5 Nc3 25. Bxd7 Qxd7 26. Rxb4 Nxe4 27.
Qe1 Qd5 28. Rb1 g5 29. Qb4 Qf5 30. Rf1 h6 31. Qb7 Rd8 32. Re1 Nf6 33. Ne5 Nd5
34. Nc6 Re8 35. Qd7 Kf8 36. Qd6+ Kg8 37. h3 Ra8 38. Qe5 Qxe5 39. Nxe5 Ra4 40.
Nf3 Ra3 41. Rb1 f6 42. Re1 Kf7 43. Kh2 h5 44. Re4 Ke7 45. Re2 Kd6 46. Nd2 Ke7
47. Ne4 Ra6 48. Rb2 Ra7 49. g3 g4 50. Rb8 f5 51. Nc5 Ra2 52. hxg4 hxg4 53. Kg1
Nc3 54. Rb7+ Kf6 55. Rb6 Ne2+ 56. Kg2 Nxd4 57. Rd6 Ke5 58. Rd8 Nf3 59. Rd1 Ng5
60. Nd7+ Ke4 61. Nc5+ Ke5 62. Nd7+ Ke4 63. Nc5+ Ke5 64. Nd7+ 1/2-1/2